Normal view MARC view

Entry Corporate Name

Number of records used in: 1

001 - CONTROL NUMBER

  • control field: 111835

003 - CONTROL NUMBER IDENTIFIER

  • control field: OSt

005 - DATE AND TIME OF LATEST TRANSACTION

  • control field: 20220918204402.0

008 - FIXED-LENGTH DATA ELEMENTS

  • fixed length control field: 220918|| aca||aabn | a|a d

040 ## - CATALOGING SOURCE

  • Original cataloging agency: OSt
  • Transcribing agency: OSt

110 ## - HEADING--CORPORATE NAME

  • Corporate name or jurisdiction name as entry element: Affari Esteri (Ministero Degli), Document Diplomatici (Commissione per la publicazione-) (Italy)

670 ## - SOURCE DATA FOUND

  • Source citation: Work cat.: (OSt)235783: Affari Esteri (Ministero Degli), Document Diplomatici (Commissione per la publicazione-) (Italy), Documenti diplomatici Italianai Quarta series , 1952
Copyright @ Delhi University Library System